[Event "Zadar op-B 25th"]
[Site "Zadar"]
[Date "2018.12.21"]
[Round "8"]
[White "Tomic, Stjepan"]
[Black "Soric, Romeo"]
[Result "1-0"]
[WhiteElo "1862"]
[BlackElo "2023"]
[PlyCount "49"]
[EventDate "2018.12.15"]
[EventType "swiss"]
[EventRounds "9"]
[EventCountry "CRO"]
[SourceTitle "CBM 188 Extra"]
[Source "ChessBase"]
[SourceDate "2019.02.26"]
[SourceVersion "1"]
[SourceVersionDate "2019.02.26"]
[SourceQuality "1"]

1. e4 Nf6 2. e5 Nd5 3. c4 Nb6 4. d4 d6 5. exd6 exd6 6. Nc3 Be7 7. Bd3 0-0 8. Nge2 Bg4 9. Be3 Nc6 10. 0-0 Bxe2 11. Bxe2 d5 12. c5 Nc4 13. Bxc4 dxc4 14. d5 Ne5 15. Qa4 b6 16. Bd4 Nd3 17. cxb6 axb6 18. Qxc4 Nc5 19. Rfe1 Bd6 20. Be5 Re8 21. Bxd6 Qxd6 22. b4 Na6 23. Rxe8+ Rxe8 24. Qxa6 Qe5 25. Qd3 1-0

[Event "Zadar op-B 25th"]
[Site "Zadar"]
[Date "2018.12.16"]
[Round "2"]
[White "Birkic, Josip"]
[Black "Soric, Romeo"]
[Result "0-1"]
[WhiteElo "1854"]
[BlackElo "2023"]
[PlyCount "58"]
[EventDate "2018.12.15"]
[EventType "swiss"]
[EventRounds "9"]
[EventCountry "CRO"]
[SourceTitle "CBM 188 Extra"]
[Source "ChessBase"]
[SourceDate "2019.02.26"]
[SourceVersion "1"]
[SourceVersionDate "2019.02.26"]
[SourceQuality "1"]

1. d4 Nf6 2. Bf4 g6 3. Nc3 d5 4. e3 c6 5. Bd3 Bg7 6. h4 Qb6 7. Na4 Qa5+ 8. c3 Qd8 9. b4 b6 10. Qe2 Bd7 11. Nb2 c5 12. a4 Nc6 13. Ba6 Ne4 14. Rc1 Bc8 15. f3 Nd6 16. Bb5 Bb7 17. bxc5 bxc5 18. Nd3 c4 19. Nc5 Qc8 20. e4 Nxb5 21. axb5 Nd8 22. Nh3 Ne6 23. Nxe6 Qxe6 24. Ng5 Qd7 25. exd5 Bxd5 26. Rb1 Qf5 27. Bd6 0-0 28. Bxe7 Qxb1+ 29. Kf2 Qxh1 0-1

[Event "Split op 8th"]
[Site "Split"]
[Date "2018.08.13"]
[Round "2"]
[White "Bukal, Vladimir Jr"]
[Black "Soric, Romeo"]
[Result "1-0"]
[WhiteElo "2387"]
[BlackElo "2038"]
[PlyCount "68"]
[EventDate "2018.08.12"]
[EventType "swiss"]
[EventRounds "9"]
[EventCountry "CRO"]
[SourceTitle "CBM 186 Extra"]
[Source "ChessBase"]
[SourceDate "2018.08.24"]
[SourceVersion "1"]
[SourceVersionDate "2018.08.24"]
[SourceQuality "1"]

1. d4 Nf6 2. Nc3 d5 3. Bg5 Nbd7 4. Nf3 c6 5. e3 Qb6 6. Rb1 e6 7. Bd3 Bd6 8. 0-0 h6 9. Bf4 Qc7 10. Bxd6 Qxd6 11. Qe2 0-0 12. e4 dxe4 13. Nxe4 Nxe4 14. Qxe4 Nf6 15. Qh4 c5 16. dxc5 Qxc5 17. Rfe1 Qh5 18. Qf4 Qg4 19. Qd6 Qa4 20. b3 Qd7 21. Qf4 b6 22. Rbd1 Qe7 23. Nd4 Qc5 24. Re5 Qc7 25. Nb5 Qb8 26. Qd4 Bb7 27. Re3 a6 28. Nc3 Qc7 29. Qh4 Kh8 30. Ne2 Rad8 31. Re1 Qc6 32. Nf4 b5 33. Rxe6 Qc8 34. Rxf6 Kg8 1-0

[Event "Solta Amateur op"]
[Site "Grohote"]
[Date "2018.06.24"]
[Round "1"]
[White "Soric, Romeo"]
[Black "Mrdja, Milan"]
[Result "0-1"]
[WhiteElo "2069"]
[BlackElo "2300"]
[PlyCount "82"]
[EventDate "2018.06.24"]
[EventType "swiss"]
[EventRounds "9"]
[EventCountry "CRO"]
[SourceTitle "CBM 185 Extra"]
[Source "ChessBase"]
[SourceDate "2018.07.29"]
[SourceVersion "1"]
[SourceVersionDate "2018.07.29"]
[SourceQuality "1"]

1. c4 e5 2. g3 Nf6 3. Bg2 Nc6 4. Nc3 Bb4 5. Nd5 Bc5 6. e3 0-0 7. a3 Nxd5 8. cxd5 Ne7 9. Ne2 d6 10. 0-0 a5 11. b3 Bd7 12. Bb2 Bb5 13. d3 Qd7 14. Re1 Ng6 15. Nc3 Ba6 16. Na4 Ba7 17. Bc3 b5 18. Nb2 Bb6 19. d4 Rfe8 20. h4 h6 21. h5 Nf8 22. Kh2 Nh7 23. dxe5 dxe5 24. Nd3 Nf6 25. b4 axb4 26. axb4 Bb7 27. e4 c6 28. Rxa8 Bxa8 29. Bh3 Qc7 30. Qa1 cxd5 31. Bxe5 Qc4 32. Bxf6 Qxd3 33. exd5 Rxe1 34. Qxa8+ Kh7 35. Qf8 Rh1+ 36. Kxh1 Qxd5+ 37. Bg2 Qxh5+ 38. Kg1 gxf6 39. Bf3 Qg6 40. Bd5 Qxg3+ 41. Kh1 Qh4+ 0-1

[Event "Zadar op-B 23rd"]
[Site "Zadar"]
[Date "2016.12.16"]
[Round "8"]
[White "Bubicic, Josip"]
[Black "Soric, Romeo"]
[Result "0-1"]
[WhiteElo "2051"]
[BlackElo "2083"]
[PlyCount "80"]
[EventDate "2016.12.11"]
[EventType "swiss"]
[EventRounds "9"]
[EventCountry "CRO"]
[SourceTitle "CBM 176 Extra"]
[Source "ChessBase"]
[SourceDate "2017.03.02"]
[SourceVersion "1"]
[SourceVersionDate "2017.03.02"]
[SourceQuality "1"]

1. e4 c6 2. d4 d5 3. Nc3 dxe4 4. Nxe4 Nd7 5. Bc4 Ngf6 6. Ng5 e6 7. N1f3 Bd6 8. 0-0 h6 9. Nh3 Qc7 10. g3 0-0 11. Nf4 Nd5 12. Nd3 b5 13. Bb3 a5 14. a3 Bb7 15. c3 c5 16. dxc5 Nxc5 17. Nxc5 Bxc5 18. Nd4 Bxd4 19. Qxd4 Rfd8 20. Bc2 Nb4 21. Bf4 Qc8 22. Qe5 Nxc2 23. Rac1 Qc6 24. f3 f6 25. Qe2 e5 26. Bd2 Nxa3 27. bxa3 Qc5+ 28. Be3 Qxa3 29. Qc2 Qe7 30. Rf2 Bd5 31. Ra1 a4 32. Qb2 Bc4 33. Qb4 Qxb4 34. cxb4 Rd3 35. Bc5 a3 36. Rff1 a2 37. f4 Rd2 38. fxe5 Bxf1 39. Kxf1 fxe5 40. h4 Rad8 0-1

[Event "Zadar op-B 22nd"]
[Site "Zadar"]
[Date "2015.12.16"]
[Round "5"]
[White "Soric, Romeo"]
[Black "Muratovic, Enver"]
[Result "0-1"]
[WhiteElo "2045"]
[BlackElo "2207"]
[PlyCount "134"]
[EventDate "2015.12.13"]
[EventType "swiss"]
[EventRounds "9"]
[EventCountry "CRO"]
[SourceTitle "EXT 2017"]
[Source "ChessBase"]
[SourceDate "2016.10.25"]
[SourceVersion "1"]
[SourceVersionDate "2016.10.25"]
[SourceQuality "1"]

1. c4 e5 2. g3 Nf6 3. Bg2 c6 4. Nf3 e4 5. Nd4 Qb6 6. e3 Na6 7. Nc3 Nc5 8. 0-0 d5 9. cxd5 cxd5 10. Na4 Nxa4 11. Qxa4+ Bd7 12. Qd1 Bc5 13. Nb3 Bd6 14. d4 0-0 15. Bd2 Rac8 16. Re1 Bg4 17. Qb1 Qb5 18. h3 Be6 19. Bf1 Qd7 20. Kh2 h5 21. Rc1 b6 22. h4 Ng4+ 23. Kg1 g5 24. hxg5 Qe7 25. Rxc8 Rxc8 26. Qd1 Qxg5 27. f4 Qg6 28. Bg2 Nh6 29. Rc1 Nf5 30. Rxc8+ Bxc8 31. Qc1 Bd7 32. Be1 Nxg3 33. Bxg3 Qxg3 34. Qd2 a5 35. Qf2 Qg4 36. Kh2 Be7 37. Qg3 Bh4 38. Qxg4+ Bxg4 39. Kg1 Be1 40. Kf1 Bg3 41. Nc1 Kf8 42. Ne2 Bh4 43. Nc3 Be6 44. Kg1 Be1 45. Na4 b5 46. Nc5 Bg4 47. Bf1 b4 48. b3 Bd2 49. Kf2 h4 50. Nb7 h3 51. Kg3 Bc8 52. Nd6 Bd7 53. Kf2 Ke7 54. Nb7 h2 55. Bg2 Bc8 56. Nc5 Bg4 57. Kg3 Bc8 58. Kf2 Bh3 59. Bh1 Bg4 60. Kg3 Bf3 61. Bxf3 exf3 62. Kxh2 Bxe3 63. Kg3 Bxd4 64. Nd3 f2 65. Kg2 Ke6 66. Nc1 Kf5 67. Ne2 Be3 0-1

[Event "Zadar op-B 20th"]
[Site "Zadar"]
[Date "2013.12.16"]
[Round "2"]
[White "Soric, Romeo"]
[Black "Bozinovic, Bogdan"]
[Result "0-1"]
[WhiteElo "2088"]
[BlackElo "2248"]
[PlyCount "62"]
[EventDate "2013.12.15"]
[EventType "swiss"]
[EventRounds "9"]
[EventCountry "CRO"]
[SourceTitle "CBM 158 Extra"]
[Source "ChessBase"]
[SourceDate "2014.02.28"]
[SourceVersion "1"]
[SourceVersionDate "2014.02.28"]
[SourceQuality "1"]

1. c4 Nf6 2. g3 e5 3. Bg2 c6 4. Nc3 d5 5. cxd5 cxd5 6. Qb3 Nc6 7. Nxd5 Nd4 8. Nxf6+ Qxf6 9. Qd1 Bf5 10. d3 Rc8 11. Kf1 Nc2 12. Rb1 Be6 13. b3 Bc5 14. Nf3 Nb4 15. a3 Nc6 16. b4 Bb6 17. a4 0-0 18. b5 Nd4 19. Nxd4 Bxd4 20. e3 Ba2 21. Rb4 Bc3 22. Rh4 Qe7 23. Qh5 h6 24. Bh3 Rcd8 25. e4 Qf6 26. Bxh6 gxh6 27. Bf5 Be6 28. Qg4+ Kh8 29. Qh3 Bxf5 30. exf5 Kh7 31. g4 Bd2 0-1

[Event "Zadar op-B 19th"]
[Site "Zadar"]
[Date "2012.12.22"]
[Round "9"]
[White "Soric, Romeo"]
[Black "Medic, Miljenko"]
[Result "0-1"]
[WhiteElo "2072"]
[BlackElo "2231"]
[PlyCount "74"]
[EventDate "2012.12.16"]
[EventType "swiss"]
[EventRounds "9"]
[EventCountry "CRO"]
[SourceTitle "EXT 2014"]
[Source "ChessBase"]
[SourceDate "2013.11.20"]
[SourceVersion "1"]
[SourceVersionDate "2013.11.20"]
[SourceQuality "1"]

1. Nf3 Nf6 2. g3 b6 3. c4 e6 4. b3 Bb7 5. Bg2 c5 6. Bb2 Be7 7. 0-0 0-0 8. Nc3 d6 9. d3 Nbd7 10. e4 a6 11. Qe2 Qc7 12. Nh4 Ne8 13. f4 Bxh4 14. gxh4 e5 15. f5 Qd8 16. Qf2 Kh8 17. Kh1 Bc6 18. a4 Nc7 19. Rg1 Rg8 20. Bh3 b5 21. axb5 axb5 22. Rxa8 Qxa8 23. h5 h6 24. Bc1 Nf6 25. Nd5 Bxd5 26. cxd5 b4 27. Bg2 Nb5 28. Bf3 Nd4 29. Bd1 Qa6 30. Qd2 Qa1 31. Qe3 Qb1 32. Rg3 Nxb3 33. Bxb3 Qxb3 34. Qg1 Qc3 35. h4 Nxh5 36. Rg4 Qxd3 37. Bxh6 Qh3+ 0-1

[Event "Zadar op-B 18th"]
[Site "Zadar"]
[Date "2011.12.17"]
[Round "9"]
[White "Soric, Romeo"]
[Black "Bozinovic, Bogdan"]
[Result "0-1"]
[WhiteElo "2057"]
[BlackElo "2226"]
[PlyCount "160"]
[EventDate "2011.12.11"]
[EventType "swiss"]
[EventRounds "9"]
[EventCountry "CRO"]
[SourceTitle "CBM 145 Extra"]
[Source "ChessBase"]
[SourceDate "2012.01.03"]
[SourceVersion "1"]
[SourceVersionDate "2012.01.03"]
[SourceQuality "1"]

1. Nf3 c5 2. g3 d5 3. Bg2 Nc6 4. 0-0 e5 5. d3 Nge7 6. e4 d4 7. Nbd2 Ng6 8. a4 Be7 9. Nc4 h5 10. h4 Bg4 11. Qd2 Qd7 12. Ng5 f6 13. Nf3 Nf8 14. Ne1 g5 15. hxg5 fxg5 16. Nf3 Bxf3 17. Bxf3 g4 18. Be2 Ne6 19. Qd1 0-0-0 20. f4 gxf3 21. Bxf3 Rdg8 22. Kf2 h4 23. g4 Rf8 24. Ke2 Bg5 25. Bxg5 Nxg5 26. Kd2 Rf4 27. Be2 Rhf8 28. Rxf4 Rxf4 29. Qe1 Qe7 30. Kc1 Ne6 31. b3 Kc7 32. Kb2 Rf8 33. Qg1 Nf4 34. Qh2 Qg5 35. Rf1 Rf6 36. Nd2 Ng6 37. Nf3 Qf4 38. g5 Rf8 39. Qh3 Qe3 40. Bd1 Qf4 41. Qe6 Qf7 42. Qh3 Qd7 43. Qh2 Qe6 44. Nd2 Rxf1 45. Nxf1 Qf7 46. Bh5 Nce7 47. Qxh4 Qxf1 48. Bxg6 c4 49. dxc4 d3 50. cxd3 Qxd3 51. Bf5 Qd2+ 52. Ka3 Nc6 53. Qh7+ Kb6 54. Qh1 Nb4 55. Qb1 Nc2+ 56. Kb2 Nd4+ 57. Ka3 Nc2+ 58. Kb2 Nd4+ 59. Ka3 Qxg5 60. Qf1 Qd2 61. Qb1 a5 62. Qb2 Nc2+ 63. Ka2 Nb4+ 64. Ka1 Qe1+ 65. Qb1 Qxb1+ 66. Kxb1 Kc5 67. Kb2 Kd4 68. Bg6 b6 69. Bh7 Nd3+ 70. Kc2 Nc5 71. Bg6 Nxe4 72. Bxe4 Kxe4 73. b4 axb4 74. Kb3 Kd4 75. Kxb4 e4 76. Kb5 e3 77. Kxb6 e2 78. a5 e1Q 79. a6 Qb4+ 80. Ka7 Kc5 0-1

[Event "CRO-chT1B 19th"]
[Site "Sibenik"]
[Date "2010.09.04"]
[Round "1"]
[White "Car, Tihomir"]
[Black "Soric, Romeo"]
[Result "1-0"]
[WhiteElo "2252"]
[BlackElo "2069"]
[PlyCount "35"]
[EventDate "2010.09.04"]
[EventType "team-tourn"]
[EventRounds "9"]
[EventCountry "CRO"]
[SourceTitle "CBM 138 Extra"]
[Source "ChessBase"]
[SourceDate "2010.10.29"]
[SourceVersion "1"]
[SourceVersionDate "2010.10.29"]
[SourceQuality "1"]

1. e4 d6 2. Bc4 Nf6 3. Qe2 Nbd7 4. f4 e5 5. Nf3 h6 6. 0-0 c6 7. Kh1 b5 8. Bb3 a5 9. a4 Ba6 10. d4 b4 11. Bc4 Bxc4 12. Qxc4 d5 13. Qxc6 Rc8 14. Qb5 dxe4 15. Nxe5 Rxc2 16. Nd2 Bd6 17. Ndc4 Qc7 18. Ne3 1-0

[Event "Zadar op-B 16th"]
[Site "Zadar"]
[Date "2009.12.15"]
[Round "4"]
[White "Ivic, Mateo"]
[Black "Soric, Romeo"]
[Result "1-0"]
[WhiteElo "2244"]
[BlackElo "2153"]
[PlyCount "93"]
[EventDate "2009.12.13"]
[EventType "swiss"]
[EventRounds "9"]
[EventCountry "CRO"]
[SourceTitle "CBM 133 Extra"]
[Source "ChessBase"]
[SourceDate "2010.01.05"]
[SourceVersion "1"]
[SourceVersionDate "2010.01.05"]
[SourceQuality "1"]

1. e4 d6 2. d4 Nf6 3. Nc3 g6 4. Bg5 Bg7 5. e5 dxe5 6. dxe5 Ng4 7. Qxd8+ Kxd8 8. Nd5 Nc6 9. Bb5 Ngxe5 10. 0-0-0 Bd7 11. f4 a6 12. Be2 Ng4 13. Nxe7 Nxe7 14. Bxg4 f5 15. Bf3 c6 16. Ne2 Re8 17. Rd6 Kc7 18. Rhd1 Nd5 19. Rxd7+ Kxd7 20. c4 Rac8 21. Kb1 Re6 22. cxd5 cxd5 23. Rxd5+ Rd6 24. Rxd6+ Kxd6 25. Bh4 Rc7 26. Be1 h6 27. Ba5 Rd7 28. Kc2 b5 29. a3 Bf6 30. Nc3 Bxc3 31. Bxc3 Kc5 32. Be5 a5 33. h3 h5 34. Bc3 Kb6 35. Be1 Ka6 36. Bc3 Kb6 37. Be2 Kc5 38. Bxa5 Rf7 39. Bc3 Rd7 40. Be5 Rd8 41. Kc3 Rd7 42. b4+ Kb6 43. Bd4+ Kc6 44. Bf3+ Kc7 45. Bc5 Rd8 46. a4 bxa4 47. b5 1-0

[Event "Mediterranean op 3rd"]
[Site "Rijeka"]
[Date "2009.12.05"]
[Round "9"]
[White "Soric, Romeo"]
[Black "Cabrijan, Ivan"]
[Result "1-0"]
[WhiteElo "2153"]
[BlackElo "1822"]
[PlyCount "149"]
[EventDate "2009.11.27"]
[EventType "swiss"]
[EventRounds "9"]
[EventCountry "CRO"]
[SourceTitle "CBM 133 Extra"]
[Source "ChessBase"]
[SourceDate "2010.01.05"]
[SourceVersion "1"]
[SourceVersionDate "2010.01.05"]
[SourceQuality "1"]

1. Nf3 Nc6 2. g3 Nf6 3. Bg2 e5 4. d3 d5 5. 0-0 Be7 6. Nbd2 0-0 7. e4 h6 8. c3 a5 9. a4 Rb8 10. Re1 Be6 11. h3 Bd6 12. exd5 Bxd5 13. Ne4 Nxe4 14. dxe4 Be6 15. Qc2 f5 16. exf5 Bxf5 17. Qb3+ Kh8 18. Nh4 Bh7 19. Be4 Qf6 20. Qc2 Bxe4 21. Rxe4 Ne7 22. Re2 g5 23. Ng2 Rf7 24. Ne3 Rbf8 25. Ng4 Qg7 26. Be3 h5 27. Nh2 Nd5 28. Nf1 Qf6 29. Rae1 Ne7 30. Qd2 Rg8 31. b4 b6 32. bxa5 bxa5 33. Qd3 Qf5 34. Qxf5 Rxf5 35. g4 Rf7 36. c4 Bb4 37. Bd2 Nc6 38. Kg2 Rgf8 39. Bxb4 Nxb4 40. Rd1 Rf4 41. Ne3 c6 42. Rd6 e4 43. Rh6+ Kg7 44. Rxh5 Kg6 45. h4 Rxg4+ 46. Nxg4 Kxh5 47. Rxe4 gxh4 48. f3 Nd3 49. Ne5 Nc5 50. Rg4 Rf6 51. Kh3 Nxa4 52. f4 Kh6 53. Rxh4+ Kg7 54. Rg4+ Kh7 55. Rh4+ Rh6 56. Rxh6+ Kxh6 57. Nxc6 Kg6 58. Kg4 Kf6 59. Nxa5 Nc5 60. Nc6 Ne6 61. Ne5 Nc5 62. Nf3 Ne6 63. Ng5 Nc5 64. Nf3 Nd7 65. Nd4 Nc5 66. Kf3 Nd7 67. Ke3 Nc5 68. Ne2 Kf5 69. Kd4 Ne6+ 70. Kd5 Nd8 71. c5 Kf6 72. c6 Ne6 73. Kd6 Ng7 74. c7 Ne8+ 75. Kd7 1-0

[Event "Mediterranean op 3rd"]
[Site "Rijeka"]
[Date "2009.11.29"]
[Round "3"]
[White "Soric, Romeo"]
[Black "Camber, Ivan"]
[Result "0-1"]
[WhiteElo "2153"]
[BlackElo "1915"]
[PlyCount "74"]
[EventDate "2009.11.27"]
[EventType "swiss"]
[EventRounds "9"]
[EventCountry "CRO"]
[SourceTitle "CBM 133 Extra"]
[Source "ChessBase"]
[SourceDate "2010.01.05"]
[SourceVersion "1"]
[SourceVersionDate "2010.01.05"]
[SourceQuality "1"]

1. Nf3 Nf6 2. g3 d5 3. Bg2 Bf5 4. 0-0 e6 5. d3 h6 6. Nbd2 Bc5 7. Qe1 0-0 8. e4 Bh7 9. e5 Nfd7 10. Qe2 Bb6 11. h4 c5 12. Re1 Nc6 13. Nf1 Rc8 14. Bf4 c4 15. dxc4 dxc4 16. a3 Bd4 17. Rab1 Qb6 18. Red1 Rfd8 19. b4 Bxf2+ 20. Qxf2 Qxf2+ 21. Kxf2 Bxc2 22. Rbc1 Bxd1 23. Rxd1 Nb6 24. Rc1 Rd3 25. N1d2 Rxa3 26. Nxc4 Ra2+ 27. Kf1 Nxb4 28. Nxb6 Rxc1+ 29. Bxc1 Ra1 30. Ke2 Rxc1 31. Na4 b5 32. Nb6 axb6 33. Nd4 Nd5 34. Nxb5 Nc3+ 35. Kd2 Rg1 36. Bc6 Nxb5 37. Bxb5 Rxg3 0-1